Shooting an elephant and other essays / (Record no. 14863)

MARC details
000 -LEADER
fixed length control field 01034pam a2200217 a 4500
001 - CONTROL NUMBER
control field 11201
003 - CONTROL NUMBER IDENTIFIER
control field IN-BhIIT
005 - DATE AND TIME OF LATEST TRANSACTION
control field 20251209160735.0
008 - FIXED-LENGTH DATA ELEMENTS--GENERAL INFORMATION
fixed length control field 840406t19841950cau 000 0 eng
020 ## - INTERNATIONAL STANDARD BOOK NUMBER
ISBN 9780141187396 (pbk.)
040 ## - CATALOGING SOURCE
Original cataloging agency IN-BhIIT
041 ## - LANGUAGE CODE
Language code of text eng
082 00 - DEWEY DECIMAL CLASSIFICATION NUMBER
Classification number 824
Book number ORW/S
100 1# - MAIN ENTRY--AUTHOR NAME
Personal name Orwell, George
Relator term Author
245 10 - TITLE STATEMENT
Title Shooting an elephant and other essays /
Statement of responsibility, etc George Orwell.
260 ## - PUBLICATION, DISTRIBUTION, ETC. (IMPRINT)
Place of publication London :
Name of publisher Penguin Classics,
Year of publication 1968.
300 ## - PHYSICAL DESCRIPTION
Number of Pages 375 p. ;
Other physical details(ill.) ill. ;
Dimensions(size) 21 cm.
520 ## - SUMMARY, ETC.
Summary, etc 'It was a tiny incident in itself, but it gave me a better glimpse than I had had before of the real nature of imperialism - the real motives for which despotic governments act' Shooting an Elephant was the first piece of writing by George Orwell to be published by Penguin, in 1940. It is a searing and honest account of his experience as a police officer in imperial Burma: killing an escaped elephant in front of a crowd, solely to avoid looking like a fool.
650 ## - SUBJECT ADDED ENTRY--TOPICAL TERM
Topical Term English Essays
942 ## - ADDED ENTRY ELEMENTS (KOHA)
Koha item type General Books
Koha issues (borrowed), all copies 1
Holdings
Withdrawn status Lost status Damaged status Not for loan Collection code Home library Current library Date acquired Source of acquisition Cost, normal purchase price Full call number Accession Number Cost, replacement price Price effective from Koha item type
Not withdrawn Not Lost not damaged   GEN Central Library, IIT Bhubaneswar Central Library, IIT Bhubaneswar 21/02/2025 32 337.50 824 ORW/S 11201 450.00 21/02/2025 General Books

Central Library, Indian Institute of Technology Bhubaneswar, 4th Floor, Administrative Building, Argul, Khordha, PIN-752050, Odisha, India
Phone: +91-674-7138750 | Email: circulation.library@iitbbs.ac.in (For circulation related queries),
Email: info.library@iitbbs.ac.in (For other queries)